| 000 | 00513nam a2200217Ia 4500 | ||
|---|---|---|---|
| 003 | 0100 | ||
| 008 | 130303s9999 xx 000 0 und d | ||
| 020 | _a0824522915 | ||
| 040 | _cARRUPELIB | ||
| 050 | _aBX2350.G35 | ||
| 100 | _aGallagher, Timothy M. | ||
| 245 | 4 | _aThe discernment of spirits | |
| 245 | _ban Ignatian guide for everyday living | ||
| 260 | _aNew York | ||
| 260 | _bCrossroad | ||
| 260 | _C2005 | ||
| 300 | _a210p. | ||
| 300 | _b 23 cm | ||
| 650 | _bHitler, Adolf | ||
| 942 |
_2lcc _02 |
||
| 999 |
_c63802 _d63802 |
||